Sports Quiz

Random Sports or University Quiz
Score 0/23 Timer 05:00
1 Play Today
Hint Answer % Correct
CityBoston, MA
88.5%
ColorsScarlet and White
78.4%
NicknameTerriers
75.4%
ConferenceAmerica East Conference
47.3%
Second Round OpponentUniversity of Kansas
39.3%
Basketball ArenaAgganis Arena
38.8%
GuardJohn Holland
28.4%
GuardD.J. Irving
18.4%
ForwardDom Morris
17.8%
CoachPatrick Chambers
17.6%
GuardMatt Griffin
16.5%
ForwardJake O'Brien
16.5%
Hint Answer % Correct
ForwardPatrick Hazel
14.4%
GuardDarryl Partin
14.4%
CenterJeff Pelage
13.4%
ForwardTravis Robinson
11.9%
GuardMike Terry Jr.
11.1%
GuardMalik Thomas
10.7%
All-time Leading Scorer (2308 points)Tunji Awojobi
9.7%
ForwardChris Kurz
9.6%
GuardH.J. Gaskins
8.8%
CenterMat Piotrowski
7.5%
Highest NBA Scoring AlumGary Plummer
4.4%

You're not logged in!

Compare scores with friends on all Sporcle quizzes.
OR
Log In

Sporcle TV

Today on Sporcle TV


Watch our educational content, quiz creation guides, and fun videos on Sporcle TV.

Show Comments

Extras

Top Quizzes Today


Score Distribution

Your Account Isn't Verified!

In order to create a playlist on Sporcle, you need to verify the email address you used during registration. Go to your Sporcle Settings to finish the process.

Report this User

Report this user for behavior that violates our Community Guidelines.

Details: